| 000 | 00522nam a2200193Ia 4500 | ||
|---|---|---|---|
| 003 | GCL | ||
| 008 | 140319s9999 xx 000 0 eng d | ||
| 040 |
_aGCL / _cGCL |
||
| 082 | 0 | 4 |
_a171.7 _bB S |
| 100 | 1 | _aBENHABIB, SEYLA | |
| 245 | 1 | 0 |
_aSITUATING THE SELF: GENDER, COMMUNITY AND POSTMODERNISM IN CONTEMPORARY ETHICS / _cBENHABIB, SEYLA |
| 260 |
_a[S.N] : _bPOLITY PRESS ، _c1992 |
||
| 300 | _a266 P | ||
| 650 | 0 | 4 | _aMORALITY |
| 650 | 0 | 4 | _aPHILOSOPHY |
| 650 | 0 | 4 | _aETHICS |
| 650 | 0 | 4 | _aMODERNISM |
| 942 |
_2ddc _cBK |
||
| 999 |
_c21205 _d21205 |
||